Filozófiai rovatunk

Elmentve itt :
Bibliográfiai részletek
Szerző: Müller József
Dokumentumtípus: Cikk
Megjelent: JATE Szeged 1968
Sorozat:Bölcsész
Kulcsszavak:Filozófia
Tárgyszavak:
Online Access:http://acta.bibl.u-szeged.hu/7855
LEADER 00655nab a2200205 i 4500
001 acta7855
005 20250930135647.0
008 161015s1968 hu o 000 hun d
022 |a 0139-0171 
040 |a SZTE Egyetemi Kiadványok Repozitórium  |b hun 
041 |a hun 
100 1 |a Müller József 
245 1 0 |a Filozófiai rovatunk  |h [elektronikus dokumentum] /  |c  Müller József 
260 |a JATE  |b Szeged  |c 1968 
300 |a 16 
490 0 |a Bölcsész 
650 4 |a Bölcsészettudományok 
650 4 |a Filozófia, etika és vallástudományok 
695 |a Filozófia 
856 4 0 |u http://acta.bibl.u-szeged.hu/7855/1/bolcsesz_1968_1_016.pdf  |z Dokumentum-elérés